The Anna Freud tradition (Record no. 222631)
[ view plain ]
| 000 -LEADER | |
|---|---|
| fixed length control field | 01687nam a2200337 a 4500 |
| 245 04 - TITLE STATEMENT | |
| Title | The Anna Freud tradition |
| 260 ## - PUBLICATION, DISTRIBUTION, ETC. (IMPRINT) | |
| Place of publication | London : |
| Name of publisher | Karnac Books, |
| Year of publication | 2012. |
| 300 ## - PHYSICAL DESCRIPTION | |
| Number of Pages | xxvii, 420 p. |
| 490 0# - SERIES STATEMENT | |
| Series statement | Lines of development : evolution of theory and practice over the decades |
| 505 0# - FORMATTED CONTENTS NOTE | |
| Formatted contents note | pt. 1. Anna Freud : her work and legacy -- pt. 2. Clinical work and applications of Anna Freud's developmental tradition -- pt. 3. Specialized work in the Anna Freudian tradition : past, current, and future -- pt. 4. Personal and theoretical reflections from clinicians trained at the Anna Freud Centre. |
| 650 #0 - SUBJECT ADDED ENTRY--TOPICAL TERM | |
| Topical Term | Child analysis. |
| Topical Term | Child psychoanalysts. |
| 700 1# - ADDED ENTRY--PERSONAL NAME | |
| Personal name | Malberg, Norka. |
| Personal name | Raphael-Leff, Joan, |
| 856 40 - ELECTRONIC LOCATION AND ACCESS | |
| Uniform Resource Identifier | http://site.ebrary.com/lib/rucke/Doc?id=10511645 |
No items available.
